Estilo y paleografía de los documentos chilenos: siglos XVI y XVII
Uloženo v:
| Hlavní autor: | |
|---|---|
| Médium: | Kniha |
| Jazyk: | španělština |
| Vydáno: |
Santiago
Universidad de Chile
1981
|
| Témata: | |
| Tagy: |
Přidat tag
Žádné tagy, Buďte první, kdo vytvoří štítek k tomuto záznamu!
|
MARC
| LEADER | 00000nam a2200000 a 4500 | ||
|---|---|---|---|
| 001 | UCX8692 | ||
| 003 | CL-VaPUC | ||
| 008 | 940419e19810000CL |||||||||||||||||spa|d | ||
| 082 | 0 | 4 | |a 417.7 |b MOR |2 21 |
| 100 | |a Morales, José Ricardo |e autor |9 374099 | ||
| 245 | 1 | 0 | |a Estilo y paleografía de los documentos chilenos: siglos XVI y XVII |
| 300 | |a 124 p | ||
| 942 | |c BK | ||
| 945 | |d 19940419 00:00:00 |a aalvarez | ||
| 260 | |a Santiago |b Universidad de Chile |c 1981 | ||
| 500 | |a Las láminas son facsimiles | ||
| 650 | 7 | |a PALEOGRAFIA SIGLOS 16-17 |2 CL-VaPUC |9 325879 | |
| 651 | 7 | |a CHILE |2 CL-VaPUC |9 325880 | |
| 583 | |a last modification |c 19940419 00:00:00 |k Rodrigo Vera | ||
| 999 | |c 228122 |d 228120 | ||
| 952 | |0 0 |1 0 |4 0 |6 417_700000000000000_MOR_1981 |7 0 |8 DER_HDC |9 227764 |a BIBDER |b BIBDER |d 2019-11-15 |i 297004K |o 417.7 MOR 1981 |p 297004K |r 2023-01-25 |w 2019-11-15 |x Ubicación 4to Piso |y BK |z Estos recursos deben solicitarse con anticipación |k DER | ||